| 000 | 01311naa a22003017a 4500 | ||
|---|---|---|---|
| 001 | BR8302155 | ||
| 003 | BR-BrBNA | ||
| 005 | 20250721143226.0 | ||
| 007 | ta | ||
| 008 | 250630b bl.|||m| |||| 00| 0 por d | ||
| 040 |
_aBR-BrBNA _bpor _cBiblioteca Nacional de Agricultura |
||
| 041 | _a(Pt) | ||
| 072 |
_aF27; L00; K10 _b3140 _b1930 _b5212 |
||
| 090 | _aF27 BR8302155 | ||
| 100 | 1 | _aLins, C. | |
| 111 | 1 |
_aSimposio sobre Sistemas de Producao em Consorcio para Exploracao Permanente dos Solos da Amazonia _cBelem, PA (Brazil) _d19 Nov 1980 |
|
| 245 | 1 | _aSistema de producao silvopastoris [pinheiro, Pinus caribaea, graminea, pecuaria] | |
| 500 | _aAnais do Simposio sobre Sistemas de Producao em Consorcio para Exploracao Permanente dos Solos da Amazonia Belem, PA (Brasil): 1982. p. 227-234 (BR8302155-AMS) | ||
| 773 | 0 |
_tAnais do Simposio sobre Sistemas de Producao em Consorcio para Exploracao Permanente dos Solos da Amazonia _wF27 BR8302155 _gBelem, PA (Brasil), 1982. p. 227-234 |
|
| 650 | _aPINHEIRO | ||
| 650 | _aGRAMINEA | ||
| 650 | _aBOVINO | ||
| 650 | _aCONSORCIACAO DE CULTURA | ||
| 650 | _aCRUZAMENTO ANIMAL | ||
| 490 |
_aDocumentos - Centro de Pesquisa Agropecuaria do Tropico Umido (Brazil) _vno. 7 _xISSN 0101-2835 |
||
| 942 |
_cAMS _2AGRIS |
||
| 909 |
_a202506 _bLúcia _c55 _dLúcia Elande |
||
| 999 |
_c334508 _d334508 |
||